| 000 | 00793 a2200229 4500 | ||
|---|---|---|---|
| 005 | 20181016151053.0 | ||
| 008 | 181016s2018 b ||||| |||| 00| 0 por d | ||
| 020 | _a9788566019759 | ||
| 040 |
_aCO-BoUCM _bspa _cSaul Niño _dSaul Niño |
||
| 041 | 0 | _aspa | |
| 100 | 1 | 0 |
_aCirino, Adriano _994012 |
| 245 | 1 | 0 |
_aNos bastidores de Escobar e outras crónicas bogotanas _cAdriano Cirino |
| 260 |
_aBelo Horizonte _bCrivo Editorial _c2018 |
||
| 300 | _a77 páginas | ||
| 546 | _aTexto en portugués | ||
| 650 | 7 |
_920095 _aNarrativa _zBogotá (Colombia) |
|
| 650 | 7 |
_912223 _aCrónicas _zBogotá (Colombia) |
|
| 650 | 7 |
_921340 _aPeriodismo _xCuentos _zBogotá (Colombia) |
|
| 650 | 7 |
_918599 _aLiteratura |
|
| 942 |
_cLIBRO _2DEWEY _a18 _e1 _h869.42 _mC578n |
||
| 999 |
_c310758 _d310758 |
||